[Event "Mechanics' Spring TNM; 30/90, SD/30"]
[Site "San Francisco"]
[Date "2013.04.23"]
[Round "6.18"]
[White "Jones, James"]
[Black "Palmeri, Ralph"]
[Result "1-0"]
[WhiteElo "2000"]
[BlackElo "1715"]
[PlyCount "55"]
[EventDate "2013.??.??"]

1. e4 c5 2. d4 cxd4 3. c3 dxc3 4. Nxc3 Nc6 5. Nf3 d6 6. Bc4 e6 7. O-O a6 8. Qe2
Be7 9. Rd1 Qc7 (9... Nf6 10. e5 $1) (9... Bd7) 10. Bf4 Ne5 (10... Nf6 11. e5
dxe5 12. Nxe5 O-O 13. Ng6 e5 14. Nxe5 Bd6 15. Rxd6 Qxd6 16. Ng6 Bg4 17. Bxd6
Bxe2 18. Bxe2 hxg6 19. Bxf8 Kxf8 $11) 11. Bb3 Nf6 12. Rac1 Qb8 13. Na4 b5 14.
Nxe5 dxe5 15. Bxe5 $5 Qxe5 16. Nb6 Rb8 17. Nxc8 Bc5 $1 18. Rxc5 Qxc5 19. Nd6+
Ke7 $2 (19... Kf8 20. e5 Rd8) 20. e5 Nd7 $2 (20... Rhd8 21. exf6+ gxf6 22. Ne4
Rxd1+ 23. Bxd1 Qd4 24. Bb3 $14) 21. Qh5 $1 g6 22. Qg5+ Kf8 23. Qh6+ Ke7 24.
Qg5+ Kf8 25. Nxf7 Nxe5 26. Nxe5 Kg7 27. Rd7+ Kg8 28. Bxe6+ 1-0

[Event "Mechanics' Winter TNM; 30/90, SD/30"]
[Site "San Francisco"]
[Date "2013.01.22"]
[Round "3.2"]
[White "Jones, James"]
[Black "Wong, Russell"]
[Result "0-1"]
[WhiteElo "2007"]
[BlackElo "2200"]
[PlyCount "90"]
[EventDate "2013.??.??"]

1. b3 e5 2. Bb2 Nc6 3. e3 d5 4. Bb5 Bd6 5. Bxc6+ bxc6 6. Ne2 Nf6 7. d3 O-O 8.
Nd2 a5 9. a4 Re8 10. e4 Ng4 11. h3 Qh4 12. O-O Nh6 13. Nf3 Qe7 14. Bc1 f5 15.
Bxh6 gxh6 16. exf5 Bxf5 17. Ng3 Bg6 18. Re1 Qf6 19. Nh2 Bc5 20. Ng4 Qg7 21. Qd2
h5 22. Nh6+ Kh8 23. Qg5 Rf8 24. Rxe5 Bxf2+ 25. Kh2 Bd4 26. Rae1 Bxe5 27. Rxe5
Rae8 28. Rxe8 Rxe8 29. Nxh5 Qe5+ 30. Qxe5+ Rxe5 31. Nf4 Re1 32. Ng4 d4 33. Nf6
Rf1 34. Kg3 Rc1 35. Ng4 Rxc2 36. Ne5 Rc3 37. Nfxg6+ hxg6 38. Nxg6+ Kg7 39. Nf4
Rxb3 40. Ne6+ Kf6 41. Nxd4 Rxd3+ 42. Nf3 Ra3 43. h4 Rxa4 44. h5 Ra3 45. Kf4
Rxf3+ 0-1

[Event "Mechanics' Spring TNM; 30/90, SD/30"]
[Site "San Francisco"]
[Date "2013.04.09"]
[Round "4.5"]
[White "Jones, James"]
[Black "Wong, Russell"]
[Result "0-1"]
[WhiteElo "2000"]
[BlackElo "2200"]
[PlyCount "96"]
[EventDate "2013.??.??"]

1. e4 Nf6 2. e5 Nd5 3. c4 Nb6 4. c5 Nd5 5. Bc4 e6 6. Qg4 d6 7. d4 dxe5 8. dxe5
Nc6 9. Nf3 Qe7 10. O-O Qxc5 11. Nbd2 Nb6 12. Re1 Bd7 13. b4 Nxb4 14. Ba3 h5 15.
Qf4 N4d5 16. Bxc5 Nxf4 17. Bxf8 Rxf8 18. Bb3 Bc6 19. h4 O-O-O 20. Ne4 Nd3 21.
Re3 Bxe4 22. Rxe4 Nc5 23. Rf4 Nd3 24. Re4 Nd5 25. Ng5 Nc5 26. Rc4 Nd3 27. Re4
Nc5 28. Rc4 b6 29. Rd1 Nxb3 30. axb3 c5 31. g3 Rd7 32. Ne4 f6 33. Nd6+ Kb8 34.
Re1 fxe5 35. Ne4 Rf5 36. Ng5 Nc7 37. Re2 Rd3 38. b4 Rd4 39. Rec2 Rxc4 40. Rxc4
cxb4 41. Rxb4 Kc8 42. Kg2 Kd7 43. f3 Nd5 44. Re4 a5 45. g4 hxg4 46. fxg4 Rf4
47. Kg3 Rxe4 48. Nxe4 a4 0-1

[Event "Mechanics' Fall TNM; 30/90, SD/30"]
[Site "San Francisco"]
[Date "2013.11.05"]
[Round "3.31"]
[White "Kadri, Barbara"]
[Black "Harris, Clarence"]
[Result "0-1"]
[WhiteElo "705"]
[BlackElo "1314"]
[PlyCount "58"]
[EventDate "2013.??.??"]

1. e4 e5 2. Nf3 Nc6 3. d3 d5 4. Nc3 Bb4 5. Bd2 Nf6 6. Be2 d4 7. Nxe5 Nxe5 8. a3
dxc3 9. bxc3 Ba5 10. O-O Nfg4 11. Qb1 a6 12. Qb2 b5 13. Bf4 Ng6 14. Bg3 Qg5 15.
Bf3 Nh4 16. Be2 O-O 17. f4 Qh6 18. c4 Ne3 19. cxb5 Rb8 20. Qd4 Nxf1 21. Kxf1
Rxb5 22. a4 Rb4 23. Qc5 Qf6 24. Qxa5 Qxa1+ 25. Be1 Rb1 26. g3 Bh3+ 27. Kf2 Ng2
28. Bb4 Qd4+ 29. Kf3 Qe3# 0-1

[Event "Mechanics' Fall TNM; 30/90, SD/30"]
[Site "San Francisco"]
[Date "2013.12.17"]
[Round "9.31"]
[White "Kadri, Barbara"]
[Black "James, Charles"]
[Result "0-1"]
[WhiteElo "705"]
[BlackElo "1592"]
[PlyCount "38"]
[EventDate "2013.??.??"]

1. e4 e6 2. Nf3 d5 3. Nc3 c5 4. d3 d4 5. Ne2 Nc6 6. Bd2 e5 7. b3 Nf6 8. Ng3 Bd6
9. Be2 O-O 10. O-O h6 11. Qc1 Nh7 12. Re1 Be7 13. h3 Be6 14. Qb2 Qd7 15. Rac1
f5 16. Nxf5 Bxf5 17. Nxe5 $2 Nxe5 18. Bf4 Ng6 19. Bg3 Be6 0-1

[Event "Mechanics' Fall TNM; 30/90, SD/30"]
[Site "San Francisco"]
[Date "2013.10.22"]
[Round "1.25"]
[White "Kadri, Barbara"]
[Black "Newey, Richard"]
[Result "0-1"]
[WhiteElo "705"]
[BlackElo "1815"]
[PlyCount "36"]
[EventDate "2013.??.??"]

1. e4 c5 2. Nc3 Nc6 3. Nf3 g6 4. Be2 Bg7 5. b3 a6 6. Rb1 d6 7. Bb2 Nf6 8. Nd5
Bg4 9. Nxf6+ exf6 10. Ng5 Bxe2 11. Qxe2 O-O 12. Nxh7 $4 Kxh7 13. O-O Qd7 14.
Qf3 Ne5 15. Qg3 Rae8 16. Rbe1 Nc6 17. Qh4+ Kg8 18. Qf4 Nd4 0-1

[Event "Mechanics' Fall TNM; 30/90, SD/30"]
[Site "San Francisco"]
[Date "2013.11.26"]
[Round "6.35"]
[White "Kadri, Barbara"]
[Black "Otterbach, Renate"]
[Result "0-1"]
[WhiteElo "705"]
[BlackElo "865"]
[PlyCount "84"]
[EventDate "2013.??.??"]

1. e4 e6 2. Nc3 c5 3. Nf3 Nc6 4. d3 d6 5. Be3 Nf6 6. Be2 Bd7 7. O-O Be7 8. Qd2
Ng4 9. Bf4 e5 10. Bg5 f6 11. Nd5 fxg5 12. Nxe7 Qxe7 13. Nxg5 Nd4 14. Bd1 h6 15.
h3 Nf6 16. c3 Nb5 17. Ba4 hxg5 18. Qxg5 Rh5 19. Qg6+ Qf7 20. Qxf7+ Kxf7 21.
Bb3+ Ke7 22. a4 Nc7 23. f4 Be6 24. Bd1 Rh4 25. fxe5 dxe5 26. c4 Rf8 27. b4 Nh5
28. Bf3 Ng3 29. Rf2 cxb4 30. Kh2 Nh5 31. Rb2 a5 32. Rd2 Bxh3 33. g3 Rxf3 34.
gxh4 Ne6 35. Rc1 Nd4 36. Rg1 Re3 37. Rg5 Nf4 38. Rxg7+ Kf6 39. Rg5 Nf3+ 40. Kg3
Nxd2+ 41. Kf2 Re2+ 42. Kg3 Rg2# 0-1

[Event "Mechanics' Spring TNM; 30/90, SD/30"]
[Site "San Francisco"]
[Date "2013.03.19"]
[Round "1.31"]
[White "Kisieu, Adrian"]
[Black "Shnaiderman, Lazar"]
[Result "0-1"]
[WhiteElo "911"]
[BlackElo "1801"]
[PlyCount "48"]
[EventDate "2013.??.??"]

1. e4 c5 2. Nf3 g6 3. c3 Bg7 4. d4 cxd4 5. cxd4 d5 6. e5 Bg4 7. Be2 Bxf3 8.
Bxf3 e6 9. Qb3 Nc6 10. Nc3 Nxd4 11. O-O Nxb3 12. axb3 Bxe5 13. Re1 Bxc3 14.
bxc3 Ne7 15. Bb2 O-O 16. Rad1 Qb6 17. b4 a5 18. Ba3 axb4 19. Bxb4 Rfe8 20. Bxd5
Nxd5 21. Rb1 Nxb4 22. Rxb4 Qc6 23. Rd1 Qxc3 24. Rdb1 Qxb4 0-1

[Event "Mechanics' Neil Falconer TNM; 30/90, SD"]
[Site "San Francisco"]
[Date "2013.09.24"]
[Round "8.6"]
[White "Klinetobe, David"]
[Black "Chen, Mingson"]
[Result "1-0"]
[WhiteElo "2035"]
[BlackElo "1900"]
[PlyCount "59"]
[EventDate "2013.??.??"]

1. e4 e5 2. Nf3 d6 3. d4 f5 4. dxe5 fxe4 5. Ng5 d5 6. e6 Nh6 7. Nc3 c6 8. f3
Be7 9. Nf7 Nxf7 10. exf7+ Kxf7 11. fxe4 Re8 12. Bd3 Kg8 13. O-O Bc5+ 14. Kh1
Rf8 15. exd5 Rxf1+ 16. Qxf1 cxd5 17. Nxd5 Nc6 18. Bf4 Bd7 19. Qf3 Qh4 20. Bg3
Qg4 21. Qxg4 Bxg4 22. h3 Be6 23. Nc7 Rc8 24. Nxe6 Be7 25. c3 Bf6 26. Re1 Na5
27. Nc7 Kf7 28. Bc2 Rd8 29. Rd1 Rxd1+ 30. Bxd1 1-0

[Event "Mechanics' Summer TNM; 30/90, SD/30"]
[Site "San Francisco"]
[Date "2013.07.16"]
[Round "8.4"]
[White "Klinetobe, David"]
[Black "Goins, Demetrius"]
[Result "0-1"]
[WhiteElo "2034"]
[BlackElo "2136"]
[PlyCount "105"]
[EventDate "2013.??.??"]

1. e4 c5 2. Nf3 d6 3. d4 cxd4 4. Nxd4 Nf6 5. Nc3 a6 6. Be3 e5 7. Nf3 Qc7 8. a4
Be6 9. Ng5 Be7 10. Nxe6 fxe6 11. Qd3 Nc6 12. O-O-O Rc8 13. Qc4 Qd7 14. Qb3 Kf7
15. Be2 Rhe8 16. g4 Qc7 17. g5 Nd7 18. f4 Na5 19. Qa2 Nc4 20. f5 Kg8 21. Bxc4
Qxc4 22. Qxc4 Rxc4 23. h4 exf5 24. exf5 Rec8 25. Rd3 Nc5 26. Bxc5 R8xc5 27. Kd2
Rxh4 28. Rxh4 Bxg5+ 29. Kd1 Bxh4 30. Rxd6 Rc7 31. Rd5 Bf6 32. Ne4 Kf7 33. b3
Ke7 34. Nc5 g6 35. fxg6 hxg6 36. c4 Bg7 37. Ke2 Kf6 38. Kf3 Kf5 39. Ne4 Bf8 40.
Ng3+ Ke6 41. Ke4 Bd6 42. Ke3 Rh7 43. Ne4 Rh3+ 44. Ke2 Be7 45. b4 Ra3 46. Nc5+
Bxc5 47. Rxc5 Rxa4 48. b5 axb5 49. Rxb5 Rxc4 50. Rxb7 Kf5 51. Rf7+ Ke4 52. Rg7
Rc2+ 53. Kf1 0-1

[Event "Mechanics' Neil Falconer TNM; 30/90, SD"]
[Site "San Francisco"]
[Date "2013.08.13"]
[Round "2.21"]
[White "Klinetobe, David"]
[Black "Hilliard, Michael"]
[Result "1-0"]
[WhiteElo "2035"]
[BlackElo "1400"]
[PlyCount "71"]
[EventDate "2013.??.??"]

1. e4 c6 2. d4 d5 3. exd5 cxd5 4. c4 e6 5. Nc3 Nf6 6. Nf3 Be7 7. cxd5 exd5 8.
Bb5+ Nc6 9. Ne5 Qb6 10. Qa4 O-O 11. Nxc6 bxc6 12. Bxc6 Bb7 13. Bxb7 Qxb7 14.
O-O Rac8 15. Rd1 Rc4 16. Qc2 Rfc8 17. a3 Ne4 18. Rd3 Qc6 19. Bd2 Bf6 20. Qd1
Rxd4 21. Rxd4 Bxd4 22. Nxe4 dxe4 23. Rc1 Qe8 24. Rxc8 Qxc8 25. Bc3 Bb6 26. Qd5
Qe8 27. Bd4 Bxd4 28. Qxd4 Qe7 29. b4 g6 30. a4 f5 31. g3 Qg7 32. Qxg7+ Kxg7 33.
b5 Kf7 34. a5 Ke7 35. b6 axb6 36. a6 1-0

[Event "Mechanics' Fall TNM; 30/90, SD/30"]
[Site "San Francisco"]
[Date "2013.11.19"]
[Round "5.10"]
[White "Klinetobe, David"]
[Black "Maser, Thomas"]
[Result "1/2-1/2"]
[WhiteElo "2035"]
[BlackElo "1900"]
[PlyCount "64"]
[EventDate "2013.??.??"]

1. e4 e5 2. Nf3 Nc6 3. Bb5 a6 4. Ba4 d6 5. O-O Bd7 6. d4 b5 7. Bb3 Nxd4 8. Nxd4
exd4 9. c3 d3 10. Qxd3 Nf6 11. Bg5 Be7 12. Re1 O-O 13. Bc2 g6 14. Nd2 Ng4 15.
Bxe7 Qxe7 16. Nf3 Ne5 17. Nxe5 dxe5 18. Bb3 Rad8 19. Qe3 Be6 20. Red1 {
(Both wrote "20.Rfe1"!)} Bxb3 21. axb3 Rd6 22. b4 Rfd8 23. Qe2 Qd7 24. Rxd6
Qxd6 25. Kf1 Qc6 26. Ke1 Rd6 27. Rd1 Kf8 28. Rxd6 Qxd6 29. Qe3 Ke7 30. Ke2 Qe6
31. Qg5+ Kd7 32. Qd2+ Kc8 1/2-1/2

[Event "Mechanics' Neil Falconer TNM; 30/90, SD"]
[Site "San Francisco"]
[Date "2013.10.01"]
[Round "9.3"]
[White "Klinetobe, David"]
[Black "Rich, Albert"]
[Result "1-0"]
[WhiteElo "2035"]
[BlackElo "2204"]
[Annotator "Donaldson"]
[PlyCount "57"]
[EventDate "2013.??.??"]

1. e4 d5 2. exd5 Qxd5 3. Nc3 Qd6 4. d4 Nf6 5. Nf3 a6 6. g3 Nc6 7. Bf4 Qd8 8.
Bg2 e6 9. O-O Be7 10. Re1 O-O 11. Qd2 Nb4 12. Ne4 Nbd5 13. Nxf6+ Bxf6 14. Be5
Be7 15. c4 Bb4 16. Qc2 Bxe1 17. Rxe1 Ne7 18. Ng5 Nf5 19. Nxh7 Re8 20. g4 f6 $2
(20... Nxd4 $1) 21. gxf5 exf5 22. Nxf6+ gxf6 23. Bd5+ Kg7 24. f4 Qe7 $4 25.
Qg2+ Kh7 26. Re3 Qg7 27. Rh3+ Qh6 28. Rxh6+ Kxh6 29. Bxf6 1-0

[Event "Mechanics' Fall TNM; 30/90, SD/30"]
[Site "San Francisco"]
[Date "2013.11.05"]
[Round "3.8"]
[White "Klinetobe, David"]
[Black "Sarafian, Greg"]
[Result "0-1"]
[WhiteElo "2035"]
[BlackElo "1827"]
[Annotator "Donaldson"]
[PlyCount "94"]
[EventDate "2013.??.??"]

1. e4 e5 2. Nf3 Nc6 3. Bb5 a6 4. Ba4 Nf6 5. O-O Be7 6. Re1 b5 7. Bb3 O-O 8. c3
d6 9. h3 Na5 10. Bc2 c5 11. d4 Nd7 12. Nbd2 exd4 13. cxd4 Nc6 14. Nf1 Bf6 15.
d5 Nd4 16. Bb1 Re8 17. Ne3 g6 18. Ng4 Bg7 19. Nh6+ Kf8 20. Ng4 Nxf3+ 21. Qxf3
Ne5 22. Nxe5 Bxe5 23. Re2 Qh4 24. Qe3 Kg7 25. Qg5 Qxg5 26. Bxg5 h6 27. Be3 g5
28. f3 Bd7 29. Rd2 a5 30. a3 Rec8 31. g4 c4 32. Bd4 Bxd4+ 33. Rxd4 c3 34. bxc3
Rxc3 35. Bd3 Kf6 36. Be2 Rac8 37. Rd3 Ke5 38. Kf2 Kf4 39. Rad1 Rc2 40. Re3 R8c3
41. Rxc3 Rxc3 42. Rd3 b4 43. axb4 Rxd3 44. Bxd3 axb4 45. Bc2 Bb5 46. Bb3 f6 47.
Bd1 Bc4 0-1

[Event "Mechanics' Neil Falconer TNM; 30/90, SD"]
[Site "San Francisco"]
[Date "2013.09.10"]
[Round "6.14"]
[White "Klinetobe, David"]
[Black "Sherwood, Peter"]
[Result "*"]
[WhiteElo "2035"]
[BlackElo "1816"]
[PlyCount "71"]
[EventDate "2013.??.??"]

1. e4 c5 2. Nf3 d6 3. d4 cxd4 4. Nxd4 Nf6 5. Nc3 a6 6. Be3 e5 7. Nf3 Be7 8. Bc4
O-O 9. O-O Be6 10. Bxe6 fxe6 11. Na4 Ng4 12. Qd3 Nxe3 13. Qxe3 b5 14. Nb6 Ra7
15. Nd5 Rb7 16. Qd3 Nc6 17. Rfd1 Rd7 18. a4 b4 19. Qxa6 exd5 20. Qxc6 dxe4 21.
Qxe4 Qa5 22. Nxe5 d5 23. Qe2 Rc7 24. Nf3 Bf6 25. Qe6+ Kh8 26. Rxd5 Qa7 27. Qd6
Be7 28. Qg3 Rxc2 29. Rad1 Qxa4 30. Ne5 Rcxf2 (30... Rxb2) 31. Qxf2 Rxf2 32.
Kxf2 Qc2+ (32... Qa7+) 33. R1d2 Bc5+ 34. Kg3 Qb3+ 35. R2d3 Bf2+ 36. Kh3 *

[Event "Mechanics' Summer TNM; 30/90, SD/30"]
[Site "San Francisco"]
[Date "2013.07.09"]
[Round "7.8"]
[White "Klinetobe, David"]
[Black "Shnaiderman, Lazar"]
[Result "1-0"]
[WhiteElo "2034"]
[BlackElo "1800"]
[PlyCount "49"]
[EventDate "2013.??.??"]

1. e4 c5 2. Nf3 g6 3. d4 cxd4 4. Qxd4 Nf6 5. e5 Nc6 6. Qa4 Nd5 7. Qe4 Nc7 8.
Nc3 Bg7 9. Bf4 O-O 10. O-O-O a6 11. h4 Ne6 12. Be3 Qa5 13. a3 Bxe5 14. Rd5 Bxc3
15. Rxa5 Bxa5 16. h5 f5 17. Qh4 Kf7 18. hxg6+ hxg6 19. Qh7+ Ke8 20. Qxg6+ Kd8
21. b4 Bc7 22. Ng5 Ne5 23. Qh6 Rf6 24. Qh8+ Rf8 25. Nxe6+ 1-0

[Event "Mechanics' Summer TNM; 30/90, SD/30"]
[Site "San Francisco"]
[Date "2013.06.04"]
[Round "2.10"]
[White "Klinetobe, David"]
[Black "Woebcke, Carl"]
[Result "1-0"]
[WhiteElo "2034"]
[BlackElo "1797"]
[PlyCount "57"]
[EventDate "2013.??.??"]

1. e4 c5 2. Nf3 d6 3. d4 cxd4 4. Nxd4 Nf6 5. Nc3 a6 6. Be3 e5 7. Nf3 Be7 8. Bc4
O-O 9. O-O Be6 10. Bxe6 fxe6 11. Na4 Ng4 12. Qd3 b5 13. Nb6 Nxe3 14. Qxe3 Ra7
15. Nd5 Nc6 16. Qd3 Kh8 17. Nxe7 Qxe7 18. Rfd1 Rd8 19. Rd2 d5 20. Rad1 d4 21.
c3 Rad7 22. h3 Qc5 23. Qc2 Rd6 24. cxd4 Qxc2 25. Rxc2 Nxd4 26. Nxd4 exd4 27. e5
d3 28. Rcd2 $11 g5 $4 29. exd6 1-0

[Event "Mechanics' Summer TNM; 30/90, SD/30"]
[Site "San Francisco"]
[Date "2013.06.18"]
[Round "4.21"]
[White "Kokesh, Tim"]
[Black "Allen, Tom"]
[Result "1-0"]
[WhiteElo "2119"]
[BlackElo "1565"]
[PlyCount "51"]
[EventDate "2013.??.??"]

1. e4 e5 2. Nf3 Nc6 3. Bb5 f5 4. Nc3 fxe4 5. Nxe4 d5 6. Nxe5 dxe4 7. Nxc6 Qd5
8. c4 Qd6 9. Qh5+ g6 10. Qe5+ Qxe5 11. Nxe5+ c6 12. Ba4 Ne7 13. d4 exd3 14. Bf4
Bg7 15. Nxd3 O-O 16. O-O-O Be6 17. Bd6 Bh6+ 18. f4 Rf7 19. Rhe1 Bxc4 20. Bxe7
Re8 21. Bg5 Rxe1 22. Nxe1 Bf8 23. Bb3 Bxb3 24. axb3 h6 25. Bh4 Rxf4 26. Nf3 1-0

[Event "Mechanics' Spring TNM; 30/90, SD/30"]
[Site "San Francisco"]
[Date "2013.04.02"]
[Round "3.4"]
[White "Kokesh, Tim"]
[Black "Anderson, Michael"]
[Result "1-0"]
[WhiteElo "2110"]
[BlackElo "1953"]
[PlyCount "94"]
[EventDate "2013.??.??"]

1. d4 d5 2. c4 e5 3. dxe5 d4 4. Nf3 Nc6 5. g3 f6 6. exf6 Qxf6 7. Bg2 Bb4+ 8.
Bd2 Bf5 9. O-O Bxd2 10. Nbxd2 g5 11. Qa4 Nge7 12. b4 O-O 13. b5 Nd8 14. Qa3 Ne6
15. e4 Bg4 16. e5 Qg7 17. Ne4 Kh8 18. Nf6 Bf5 19. Nd2 c6 20. g4 Bg6 21. Be4 a6
22. Kh1 axb5 23. Qd6 Nf4 24. Qxd4 bxc4 25. Bxg6 Nexg6 26. Nde4 Rad8 27. Qb2 Qe7
28. Nxg5 Qxe5 29. Qxb7 Ne7 30. Nfxh7 Qd5+ 31. f3 Qd2 32. Rg1 Rd7 33. Qb6 Ra8
34. Ne4 Qd3 35. Nhg5 Rf8 36. Qf2 Neg6 37. Rae1 Rg7 38. Nc5 Qd5 39. Nce4 Nd3 40.
Qg3 Nxe1 41. Rxe1 c3 42. Rc1 c2 43. Qe1 Nf4 44. Rxc2 Rxg5 45. Rd2 Qa5 46. Qh4+
Rh5 47. gxh5 Qb6 {B time exp} 1-0

[Event "Mechanics' Neil Falconer TNM; 30/90, SD"]
[Site "San Francisco"]
[Date "2013.08.13"]
[Round "2.16"]
[White "Kokesh, Tim"]
[Black "Bachseitz, Martin"]
[Result "1-0"]
[WhiteElo "2066"]
[BlackElo "1631"]
[PlyCount "61"]
[EventDate "2013.??.??"]

1. e4 e5 2. Nf3 Nc6 3. Bb5 a6 4. Ba4 Nf6 5. O-O b5 6. Bb3 Be7 7. Re1 O-O 8. c3
d6 9. h3 Na5 10. Bc2 c5 11. d4 Qc7 12. Nbd2 cxd4 13. cxd4 Nc6 14. d5 Nb4 15.
Bb1 a5 16. Nf1 Bd7 17. Bd2 Na6 18. Ng3 b4 19. a3 Rab8 20. axb4 Nxb4 21. Bc3
Rfc8 22. Qd2 Qb6 23. Kh1 Rc5 24. Nh4 g6 25. f4 Nfxd5 26. Nhf5 gxf5 27. fxe5
Nxc3 28. bxc3 Na6 29. exf5 Bh4 30. Qh6 Bxg3 31. f6 1-0

[Event "Mechanics' Winter TNM; 30/90, SD/30"]
[Site "San Francisco"]
[Date "2013.02.19"]
[Round "7.4"]
[White "Kokesh, Tim"]
[Black "Gaffagan, Steven"]
[Result "0-1"]
[WhiteElo "2118"]
[BlackElo "2094"]
[PlyCount "82"]
[EventDate "2013.??.??"]

1. e4 c5 2. Nf3 e6 3. d4 cxd4 4. Nxd4 d6 5. Nc3 Nf6 6. f4 Be7 7. Bd3 Nc6 8. Nf3
a6 9. a4 Qc7 10. O-O O-O 11. Kh1 Nd7 12. Qe1 Nc5 13. Qg3 Bd7 14. Bd2 Rac8 15.
Rae1 Nxd3 16. cxd3 b5 17. e5 f5 18. exd6 Qxd6 19. axb5 axb5 20. Nxb5 Qxd3 21.
Bc3 Bf6 22. Nbd4 Nxd4 23. Nxd4 Qc4 24. Ne2 Bc6 25. Qe3 Rcd8 26. Rd1 Bxc3 27.
Nxc3 Rde8 28. Rf2 Rf6 29. Kg1 Rg6 30. Qd4 Qa6 31. Rdd2 Qb7 32. Qe5 Ra8 33. g3
h5 34. Qe3 h4 35. Kf1 Qa6+ 36. Ke1 Qc4 37. Qe2 Qb3 38. gxh4 Ra1+ 39. Rd1 Bb5 $1
40. Nxb5 Rxd1+ 41. Qxd1 Rg1+ 0-1

[Event "Mechanics' Spring TNM; 30/90, SD/30"]
[Site "San Francisco"]
[Date "2013.03.19"]
[Round "1.8"]
[White "Kokesh, Tim"]
[Black "Matchen, George"]
[Result "1-0"]
[WhiteElo "2110"]
[BlackElo "1668"]
[PlyCount "113"]
[EventDate "2013.??.??"]

1. d4 d5 2. c4 e6 3. Nc3 Nf6 4. cxd5 exd5 5. Bg5 Be7 6. e3 O-O 7. Bd3 Nc6 8.
Bxf6 Bxf6 9. Qh5 g6 10. Qxd5 Nb4 11. Qc4 Nxd3+ 12. Qxd3 Re8 13. Nge2 c5 14. Rd1
cxd4 15. Nxd4 Bxd4 16. Qxd4 Be6 17. O-O f6 18. f3 Qe7 19. e4 Red8 20. Qf2 Bc4
21. Rfe1 b6 22. Qh4 Qc5+ 23. Kh1 g5 24. Qg4 Qe5 25. Qg3 Qxg3 26. hxg3 Kf7 27.
Kg1 Rac8 28. Kf2 a6 29. Ke3 b5 30. a3 Bb3 31. Rxd8 Rxd8 32. Re2 Bc4 33. Rc2
Rd3+ 34. Kf2 Ke6 35. Ne2 Ke5 36. Nc1 Rd1 37. b3 Be6 38. Ke3 Re1+ 39. Kd2 Rg1
40. Kc3 a5 41. Nd3+ Kd6 42. Re2 Rb1 43. Rb2 Ra1 44. a4 bxa4 45. bxa4 Ra3+ 46.
Kc2 Rxa4 47. Rb6+ Ke7 48. Rxe6+ Kxe6 49. Nc5+ Ke5 50. Nxa4 g4 51. Kd3 h5 52.
Ke3 gxf3 53. gxf3 f5 54. f4+ Ke6 55. e5 Kd5 56. Kd3 Kc6 57. Kc4 1-0

[Event "Mechanics' Winter TNM; 30/90, SD/30"]
[Site "San Francisco"]
[Date "2013.01.22"]
[Round "3.8"]
[White "Kokesh, Tim"]
[Black "Ochoa, Jason"]
[Result "1-0"]
[WhiteElo "2118"]
[BlackElo "1913"]
[PlyCount "89"]
[EventDate "2013.??.??"]

1. e4 c5 2. Nf3 g6 3. d4 Bg7 4. Nc3 cxd4 5. Nxd4 Nc6 6. Be3 Nf6 7. Bc4 O-O 8.
Bb3 Ng4 9. Qxg4 Nxd4 10. Qh4 Nxb3 11. axb3 b6 12. O-O Bb7 13. Rad1 f5 14. Bg5
Bf6 15. Bxf6 Rxf6 16. e5 Re6 17. f4 Qc7 18. Rf2 d6 19. Nb5 Qc5 20. Nd4 Qc8 21.
Nxe6 Qxe6 22. exd6 exd6 23. Rfd2 Rc8 24. Re1 Be4 25. Qf2 d5 26. c3 Qd6 27. Rd4
Qc5 28. Qf1 a5 29. Qf2 Qb5 30. b4 a4 31. Qf1 Qc6 32. b5 Qc5 33. Ra1 Ra8 34. Qf2
Qxb5 35. Rb4 Qd3 36. Qxb6 Re8 37. Qf2 Ra8 38. h3 a3 39. Rxa3 Rxa3 40. bxa3 Qxc3
41. Qb2 Qe3+ 42. Kh2 Qxf4+ 43. g3 Qd6 44. Rb8+ Kf7 45. Rb7+ 1-0

[Event "Mechanics' Summer TNM; 30/90, SD/30"]
[Site "San Francisco"]
[Date "2013.07.02"]
[Round "6.8"]
[White "Kokesh, Tim"]
[Black "Rumph, Todd"]
[Result "1-0"]
[WhiteElo "2119"]
[BlackElo "2200"]
[PlyCount "99"]
[EventDate "2013.??.??"]

1. e4 e5 2. Nf3 Nc6 3. Bb5 g6 4. d4 exd4 5. Bg5 Be7 6. h4 Nf6 7. Qe2 h6 8. Bf4
d6 9. Bxc6+ bxc6 10. Nxd4 Bb7 11. Nc3 Qd7 12. O-O-O O-O-O 13. Nb3 Qg4 14. Qd2
g5 15. hxg5 hxg5 16. Rxh8 Rxh8 17. Be3 Qxg2 18. Na5 Rh1 19. e5 Rxd1+ 20. Qxd1
dxe5 21. Na4 Qd5 22. Nxb7 Kxb7 23. Bxg5 Qxa2 24. Nc3 Qc4 25. Qf3 Nd5 26. Ne4
Bxg5+ 27. Nxg5 Nf4 28. Ne4 f5 29. Nd2 Qd5 30. Qd1 Qc5 31. Qf1 e4 32. Kb1 Qb5
33. Qe1 Qe2 34. Qc1 Qxf2 35. Nc4 Nd5 36. b3 Nc3+ 37. Ka1 Qd4 38. Na5+ Kb6 39.
Nc4+ Kb5 40. Qa3 Qg1+ 41. Kb2 Nd1+ 42. Ka2 Qe1 43. Qa4+ Kc5 44. Qxa7+ Kd5 45.
Qxc7 Nc3+ 46. Kb2 Nd1+ 47. Ka3 Ke6 48. Qd6+ Kf7 49. Ne5+ Kg7 50. Qg6+ 1-0

[Event "Mechanics' Summer TNM; 30/90, SD/30"]
[Site "San Francisco"]
[Date "2013.06.04"]
[Round "2.5"]
[White "Kokesh, Tim"]
[Black "Shakhnazarov, Oleg"]
[Result "0-1"]
[WhiteElo "500"]
[BlackElo "1878"]
[PlyCount "62"]
[EventDate "2013.??.??"]

1. e4 e5 2. Nf3 Nc6 3. Bb5 a6 4. Ba4 Nf6 5. O-O b5 6. Bb3 Be7 7. Re1 O-O 8. c3
d6 9. h3 Na5 10. Bc2 d5 11. exd5 e4 12. Ng5 h6 13. Nxe4 Nxd5 14. d4 f5 15. Ned2
Bd6 16. Nf3 Bb7 17. Nbd2 c5 18. dxc5 Bxc5 19. Nb3 Ba7 20. Nxa5 Qxa5 21. Nd4
Rad8 22. Be3 Nxe3 23. Rxe3 Qc7 24. Bb3+ Kh8 25. Qh5 Bb8 26. Qg6 Qh2+ 27. Kf1
Qh1+ 28. Ke2 Qxa1 29. Ne6 Qxb2+ 30. Kf1 Qb1+ 31. Re1 Qd3+ 0-1

[Event "Mechanics' Summer TNM; 30/90, SD/30"]
[Site "San Francisco"]
[Date "2013.07.16"]
[Round "8.9"]
[White "Kokesh, Tim"]
[Black "Sherwood, Peter"]
[Result "1-0"]
[WhiteElo "2119"]
[BlackElo "1789"]
[PlyCount "51"]
[EventDate "2013.??.??"]

1. e4 c5 2. d4 cxd4 3. c3 dxc3 4. Nxc3 Nc6 5. Nf3 e6 6. Bc4 Bc5 7. O-O Nge7 8.
e5 O-O 9. Ne4 Ng6 $4 10. Nxc5 Ngxe5 11. Nxe5 Nxe5 12. Bb3 d5 13. Bf4 Ng6 14.
Bg3 b6 15. Nd3 Qg5 16. f4 Qd8 17. Rc1 Ba6 18. f5 Ne7 19. fxe6 fxe6 20. Re1 Rf6
21. Bh4 Rh6 22. Bg5 Rg6 23. Nf4 Qd7 24. Bxe7 Qxe7 25. Nxg6 hxg6 26. Qxd5 1-0

[Event "Mechanics' Spring TNM; 30/90, SD/30"]
[Site "San Francisco"]
[Date "2013.04.30"]
[Round "7.9"]
[White "Kokesh, Tim"]
[Black "Todortsev, Victor"]
[Result "1-0"]
[WhiteElo "2110"]
[BlackElo "1910"]
[PlyCount "93"]
[EventDate "2013.??.??"]

1. e4 e5 2. Nf3 Nc6 3. Bb5 a6 4. Ba4 Nf6 5. O-O d6 6. Re1 Be7 7. c3 O-O 8. h3
b5 9. Bc2 Bb7 10. d4 exd4 11. cxd4 Nb4 12. Bb3 c5 13. a3 c4 14. axb4 cxb3 15.
d5 Nd7 16. Qxb3 Bf6 17. Bd2 Re8 18. Bc3 Nb6 19. Na3 Rc8 20. Nd2 Na4 21. Rac1
Nxc3 22. bxc3 Qb6 23. Nf3 Re7 24. Re3 Rce8 25. Rce1 h6 26. Nc2 g6 27. Ncd4 Kg7
28. Qd1 Rc8 29. Qd2 Qc7 30. h4 h5 31. g3 Rce8 32. Qd3 Qd7 33. Kg2 Rc8 34. Nd2
Qc7 35. f3 Ree8 36. Kh2 Qd7 37. f4 Qg4 38. N2f3 Rc4 39. e5 dxe5 40. fxe5 Bd8
41. e6 Bf6 42. Re4 Bxd5 43. Rxg4 hxg4 44. exf7 Rxe1 45. Nxe1 Kxf7 46. Nec2 Be5
47. Ne3 1-0

[Event "Mechanics' Spring TNM; 30/90, SD/30"]
[Site "San Francisco"]
[Date "2013.04.23"]
[Round "6.2"]
[White "Kokesh, Tim"]
[Black "Winslow, Elliott"]
[Result "0-1"]
[WhiteElo "2110"]
[BlackElo "2319"]
[PlyCount "64"]
[EventDate "2013.??.??"]

1. e4 c5 2. Nf3 d6 3. d4 cxd4 4. Nxd4 Nf6 5. Nc3 a6 6. Be3 e6 7. f3 b5 8. Qd2
b4 9. Nce2 e5 10. Nb3 Nc6 11. O-O-O a5 12. Kb1 a4 13. Nbc1 Be6 14. g4 Be7 15.
Ng3 g6 16. h4 h5 17. gxh5 Nxh5 18. Nxh5 Rxh5 19. Bh3 Bxh3 20. Rxh3 Qa5 21. Ne2
Rd8 22. Qd5 Qa6 23. c4 bxc3 24. Nxc3 Rb8 25. Qd3 Qb7 26. Nxa4 Qb4 27. Qc2 Nd4
28. Bxd4 exd4 29. Rd3 Ra5 30. Rb3 Qe1+ 31. Qc1 Qxc1+ 32. Kxc1 Rc8+ 0-1